| 000 | 00347nam a2200145Ia 4500 | ||
|---|---|---|---|
| 008 | 180730s9999||||xx |||||||||||||| ||und|| | ||
| 020 | _a9789380231228 | ||
| 082 |
_a346.06 _bTAN/L |
||
| 100 | _aBangia, R.K. | ||
| 245 | 0 | _aLAW OF PARTNERSHIP ACT | |
| 250 | _a12th | ||
| 260 |
_aFaridabad _bAllahabad Law Agency _c2015 |
||
| 300 | _a240 | ||
| 942 | _cBK | ||
| 999 |
_c176 _d176 |
||